Christmas Cracker Jokes 10 best & worst Quiz Stats

 Plays Quiz not verified by Sporcle

Score 0/20 Timer 05:00
0 Plays Today
Best or Worst Punchline % Correct
BestLost
65%
BestA very small mother
43.2%
BestIts Christmas Eve!
42.9%
BestSanta walking backwards
33.5%
BestDo you think he saw us?
24.4%
WorstCool Music
18.8%
WorstBecause they hang around in bunches
18.8%
WorstA hotdog
18.8%
WorstA mushroom
13.9%
WorstLots
13.2%
Best or Worst Punchline % Correct
BestA sick note
8.3%
WorstTo get tweetment
7.9%
BestHe wanted to win the NO BELL prize
7.5%
WorstNice gnawing you
7.5%
WorstA bullfrog
6.8%
BestA vicious circle
5.6%
BestBecause they are afraid of Wales
4.1%
WorstRugs and kisses
3.8%
BestTo do long sentences
3%
WorstA mobile bone
2.3%

You're not logged in!

Compare scores with friends on all Sporcle quizzes.
OR
Log In

Show Comments

Extras

Top Quizzes Today


Score Distribution

Your Account Isn't Verified!

In order to create a playlist on Sporcle, you need to verify the email address you used during registration. Go to your Sporcle Settings to finish the process.

Report this User

Report this user for behavior that violates our Community Guidelines.

Details: